LEADER 02150nam0 22004333i 450 001 VAN0183184 005 20230612022307.71 017 70$2N$a9783319495712 100 $a20210715d2017 |0itac50 ba 101 $aeng 102 $aCH 105 $a|||| ||||| 200 1 $aCharacterizing Entanglement and Quantum Correlations Constrained by Symmetry$eDoctoral Thesis accepted by the Polytechnic University of Catalonia, Barcelona, Spain$fJordi Tura i Brugués 210 $aCham$cSpringer$d2017 215 $axxv, 237 p.$cill.$d24 cm 410 1$1001VAN0104193$12001 $aSpringer theses$erecognizing outstanding Ph.D. research$1210 $aBerlin$cSpringer$d2010- 500 1$3VAN0183193$aCharacterizing Entanglement and Quantum Correlations Constrained by Symmetry$91825350 606 $a81-XX$xQuantum theory [MSC 2020]$3VANC019967$2MF 606 $a81P40$xQuantum coherence, entanglement, quantum correlations [MSC 2020]$3VANC033805$2MF 610 $aBell Correlations in Multipartite Systems$9KW:K 610 $aEntanglement Characterization$9KW:K 610 $aEntanglement Witnesses$9KW:K 610 $aMonogamies of Correlations$9KW:K 610 $aMultipartite PPT$9KW:K 610 $aNonlocality in Many-Body Quantum Systems$9KW:K 610 $aPPT Symmetric Qubits$9KW:K 610 $aSymmetry Constraints on Quantum Correlations$9KW:K 610 $aTwo-Body Correlators$9KW:K 620 $aCH$dCham$3VANL001889 700 1$aTura i Brugués$bJordi$3VANV164168$0818790 712 $aSpringer $3VANV108073$4650 801 $aIT$bSOL$c20240614$gRICA 856 4 $uhttp://doi.org/10.1007/978-3-319-49571-2$zE-book ? Accesso al full-text attraverso riconoscimento IP di Ateneo, proxy e/o Shibboleth 899 $aBIBLIOTECA DEL DIPARTIMENTO DI MATEMATICA E FISICA$1IT-CE0120$2VAN08 912 $fN 912 $aVAN0183184 950 $aBIBLIOTECA DEL DIPARTIMENTO DI MATEMATICA E FISICA$d08CONS e-book 3057 $e08eMF3057 20210715 996 $aCharacterizing Entanglement and Quantum Correlations Constrained by Symmetry$91825350 997 $aUNICAMPANIA LEADER 00721nam0-22002651i-450 001 990005309710403321 005 20251127095840.0 035 $a000530971 035 $aFED01000530971 035 $a(Aleph)000530971FED01 035 $a000530971 100 $a19990530d1966----km-y0itay50------ba 101 0 $aita 105 $af-------00--- 200 1 $aVase Painting$fA.D. Trandall 210 $cThe British Museum$d1966 215 $a32 p., 18 tav.$e1 tav. rip.$d22 cm 700 1$aTrendall,$bArthur Dale$0214760 801 0$aIT$bUNINA$gRICA$2UNIMARC 901 $aBK 912 $a990005309710403321 952 $aARCH. V 123 8$bARCH. 13139$fFLFBC 959 $aFLFBC 996 $aVase Painting$9598015 997 $aUNINA